Responses for Show #5423 - Wednesday, March 19, 2008

Contestants

[<< previous game]

Jeff Sadler, a beer merchandiser from Springfield, Missouri

Alison York, a project manager from Fairbanks, Alaska

Kristina Caffrey, a college student from Albuquerque, New Mexico (whose 2-day cash winnings total $44,600)

[next game >>]

Jeopardy! Round responses

THE NOBEL PEACE PRIZE
HORROR MOVIE SERIES BY CHARACTER
(Alex: You have to name the movie series in which the character originated.)
BRITISH SUCCESSION
FOOD, GLORIOUS FOOD
THE WORLD ALMANAC'S WIDELY KNOWN AMERICANS
ON "ICE"
    $200 21
Al Gore

Jeff
    $200 11
Halloween

Jeff
    $200 1
Henry VIII

Kristina
    $200 6
Campbell's Soup

Alison
    $200 26
Monica Lewinsky

Kristina
    $200 16
splice

Kristina
    $400 22
the Dalai Lama

Kristina
    $400 12
(Kristina: What is Friday the 13th?)

Nightmare on Elm Street

KristinaJeff
    $400 2
(Alex: You may know him better as [*].)
[Laughter]

Edward II

Triple Stumper
    $400 7
the Atlantic

Jeff
    $400 27
Ruth Bader Ginsburg

Kristina
    $400 17
lice

Jeff
    $600 23
Lech Walesa

Alison
    $600 13
Friday the 13th

Kristina
    $600 3
(Alex: Ah, you are beginning to catch on. Good for you.)

Henry V

Alison
    $600 8
John Kerry

Kristina
    $600 28
Hugh Hefner

Triple Stumper
    $600 18
(Alex: You use 'em in Vegas. What are [*]?)

dice

Triple Stumper
    $800 24
(Jeff: Who is Desmond Tutu?)

(Nelson) Mandela

KristinaJeff
    $800 14
The Texas Chainsaw Massacre

Kristina
    $800 4
(Alex: You forgot the pattern so soon. [*]... following William I.)

William II

Triple Stumper
    $800 9
Fannie Farmer

Alison
    $800 29
(Alison: Who is Donald Trump?)

Steve Wynn

Alison
Triple Stumper
    $800 19
Rings Twice

Alison
    $1000 25
Menachem Begin & Anwar Sadat

Triple Stumper
    $1000 15
(Kristina: Um... shoot.)
(Alex: Oh, too much time.)

Hellraiser

KristinaJeff
    $1000 5
(Kristina: Who is Edward VII?)
(Alison: Who is Edward VIII?)

William IV

KristinaAlison
Triple Stumper
    $1000 10
cotto

Jeff
    $1,000 30
Walter Cronkite

Kristina
    $1000 20
(Alison: Who is Jessica Rice?)

Donna Rice

Alison
Triple Stumper

Scores at the first commercial break (after clue 15):

Kristina Alison Jeff
-$200 $600 $3,000

Scores at the end of the Jeopardy! Round:

Kristina Alison Jeff
$2,800 $200 $2,800

Double Jeopardy! Round responses

SIMON BOLIVAR
H2O MUSIC
LITERATURE
A BUNCH OF HOODS
THE "L" WORLD
VOCABULARY
    $400 11
Caracas

Alison
    $400 6
Springfield

Kristina
    $400 1
The Scarlet Letter

Kristina
    $400 16
Robin Hood

Kristina
    $400 21
Liberia

Kristina
    $800 12
Haiti

Kristina
    $800 7
Vanilla Ice

Jeff
    $800 2
Don Juan

Alison
    $800 17
The Little Rascals (or Our Gang)

Alison
    $800 22
Lapland

Alison
    $1200 13
Gran Colombia

Triple Stumper
    $1200 8
(Jeff: Who is Howlin' Wolf?)

Muddy Waters

Jeff
Triple Stumper
    $1200 3
Arthur C. Clarke

Kristina
    $1,200 18
(Alex: It's always important to remember the category you are dealing with when you hit a Daily Double.)

Little Red Riding Hood

Alison
    $1,600 23
Labrador

Alison
    $1200 28
foolery

Alison
    $1600 14
the Orinoco

Jeff
    $1600 9
The Waves

Triple Stumper
    $1600 4
On the Beach

Alison
    $1600 19
Nelson

Kristina
    $1600 24
the Liffey

Triple Stumper
    $1600 27
(Kristina: What is a microorganism?)
(Alison: What is microbiology?)

microbe

KristinaAlisonJeff
    $2000 15
(Antonio José de) Sucre

Kristina
    $2000 10
Keith Emerson & Greg Lake

Triple Stumper
    $2000 5
In Country

Triple Stumper
    $2000 20
DNA

Kristina
    $2000 25
(Kristina: What is Linzer? [Long pause, Alex inhales loudly] Lin--What is Linz?)
(Alex: Nope, not accepting Linzer.)
[Despite correcting herself before being ruled incorrect, the ruling is not reversed.]

Linz

KristinaJeff
    $2000 26
(Kristina: What is a vegetarian?)

a lactovegetarian

KristinaJeff

Scores at the end of the Double Jeopardy! Round:

Kristina Alison Jeff
$6,400 $7,000 $9,600

[wagering suggestions for these scores]

Final Jeopardy! Round responses

BEATLES TUNES
(Alex: [After revealing Alison's response] "Strawberry Fields" got to No. 8, not to No. 1.)
...
(Alex: ...and, Kristina, well done. Your 3-day total is now $57,400, and you get to play again, but I don't know if there'll be a Beatles clue on our next show.)
(Kristina: Right.)

[ZergCam]
KristinaWhat is Penny Lane?
$6,400
AlisonWhat is Strawberry Fields
$6,984
JeffWhat Abby Road
$5,500
"Penny Lane"

Final scores:

Kristina Alison Jeff
$12,800 $16 $4,100
3-day champion: $57,400 3rd place: $1,000 2nd place: $2,000

Game dynamics:

Coryat scores:

Kristina Alison Jeff
$6,400 $6,600 $9,600
19 R
(including 1 DD),
6 W
13 R
(including 2 DDs),
4 W
12 R,
2 W

Combined Coryat: $22,600

[game clues] [game scores] [suggest correction]

Game tape date: 2007-11-28
The J! Archive is created by fans, for fans. Scraping, republication, monetization, and malicious use prohibited; this site may use cookies and collect identifying information. See terms. The Jeopardy! game show and all elements thereof, including but not limited to copyright and trademark thereto, are the property of Jeopardy Productions, Inc. and are protected under law. This website is not affiliated with, sponsored by, or operated by Jeopardy Productions, Inc. Join the discussion at JBoard.tv.